000
00299 a2200133 4500
001
152139
040
_c
Escola São Tomás de Aquino
240
1
0
_a
A divina comédia
_l
por
245
1
0
_a
A divina comédia
362
0
_a
2009
440
1
_a
FTD
697
_a
*LITERATURA INFANTO JUVENIL
942
_c
BK
999
_c
152139
_d
152139